000 00328nam a2200133Ia 4500
008 240624s9999 xx 000 0 und d
041 _aeng
082 _a330 STR
100 _aSTRACCA LIVIO
245 _aECONOMICS OF CENTRAL BANKING
260 _c2018
_aLondon
_bRoutledge
300 _avii, 135 p.; 23 cm.
365 _cBPS
_b35
999 _c31567
_d31567